[Event "nurmalso  C50e ital hungary defence"]
[Site "SchemingMind.com"]
[Date "2017.09.30"]
[Round "-"]
[White "Chessibelle"]
[Black "ray winteringham"]
[Result "0-1"]
[WhiteCountry "ENG"]
[BlackCountry "ENG"]
[WhiteElo "1098"]
[WhiteRD "60"]
[BlackElo "1535"]
[BlackRD "53"]
[GameID "419099"]

1. e4 e5 2. Nf3 Nc6 3. Bc4 Be7 4. a3 Nf6 5. d3 h6 6. O-O d5 7. Ba2 d4 8. Nbd2 O-O 9. Nc4 Bd6 10. c3 Bd7
11. Re1 Be6 12. Nh4 Ng4 13. h3 Nxf2 14. Kxf2 Qxh4+ 15. Kf1 f5 16. Nd2 fxe4+ 17. Kg1 Bxa2 18. Rxa2 e3 19. Nc4 Be7 20. b4 b5
21. Nb2 Rf2 22. Qb3+ Kh7 23. Nd1 Rxa2 24. Rf1 Ra1 25. Bb2 Rb1 26. Qe6 e2 27. Qxc6 exf1=Q+ 28. Kxf1 Rxd1+ 29. Ke2 Qe1+ 30. Kf3 Rf8+
31. Kg4 Qe2+
0-1

[Event "nurmalso  C50e ital hungary defence"]
[Site "SchemingMind.com"]
[Date "2017.10.04"]
[Round "-"]
[White "Pol MacGilla tSamhais"]
[Black "Chessibelle"]
[Result "1-0"]
[WhiteCountry "IRL"]
[BlackCountry "ENG"]
[WhiteElo "1121"]
[WhiteRD "101"]
[BlackElo "1069"]
[BlackRD "60"]
[GameID "419100"]

1. e4 e5 2. Nf3 Nc6 3. Bc4 Be7 4. d4 Bf6 5. d5 Nb4 6. a3 Na6 7. O-O Ne7 8. Nc3 O-O 9. Qd2 d6 10. Qe3 c6
11. Rd1 h6 12. dxc6 Nc5 13. cxb7 Bxb7 14. Qe1 Ng6 15. Nd2 Ne7 16. b4 Bc8 17. bxc5 dxc5 18. Qe3 g5 19. Qxc5 Bg4 20. f3 a6
21. fxg4 Ng6 22. g3 Be7 23. Qe3 Bd6 24. Rf1 Kh8 25. Bxf7 Ne7 26. Bb2 Rb8 27. Bc1 Nc6 28. Bd5 Nd4 29. Qd3 Qb6 30. Rb1 Qa7
31. a4 Rbc8 32. Bb2 Rg8 33. Bxg8 Rxg8 34. Rf6 Nf3+ 35. Kg2 Nd4 36. Rxd6 Rf8 37. Rxh6+ Kg7 38. Rxa6 Qd7 39. Rf1 Re8 40. Qb5 Nxb5
41. axb5 Qxd2+ 42. Kg1 Rh8 43. Ra7+ Kh6 44. Rf6#
1-0

[Event "nurmalso  C50e ital hungary defence"]
[Site "SchemingMind.com"]
[Date "2017.10.04"]
[Round "-"]
[White "Chessibelle"]
[Black "Pol MacGilla tSamhais"]
[Result "1-0"]
[WhiteCountry "ENG"]
[BlackCountry "IRL"]
[WhiteElo "1084"]
[WhiteRD "61"]
[BlackElo "1096"]
[BlackRD "95"]
[GameID "419101"]

1. e4 e5 2. Nf3 Nc6 3. Bc4 Be7 4. a3 d6 5. O-O f5 6. d3 f4 7. g3 g5 8. Re1 Nf6 9. Nxg5 Bg4 10. f3 Bd7
11. gxf4 exf4 12. Bxf4 Nh5 13. Bf7+ Kf8 14. Bxh5 Nd4 15. Qd2 h6 16. Nf7 Qe8 17. Rf1 Kg7 18. Qg2+ Kh7 19. Qg6#
1-0

[Event "nurmalso  C50e ital hungary defence"]
[Site "SchemingMind.com"]
[Date "2017.09.30"]
[Round "-"]
[White "Chessibelle"]
[Black "frankly"]
[Result "0-1"]
[WhiteCountry "ENG"]
[BlackCountry "ENG"]
[WhiteElo "1098"]
[WhiteRD "60"]
[BlackElo "2526"]
[BlackRD "63"]
[GameID "419102"]

1. e4 e5 2. Nf3 Nc6 3. Bc4 Be7 4. a3 Nf6 5. d3 d5 6. Bb3 dxe4 7. Nfd2 Bg4 8. f3 exf3 9. gxf3 Bh3 10. Nc4 Nd4
11. Ba4+ Nd7 12. Be3 c6 13. c3 Bh4+ 14. Bf2 Bxf2+ 15. Kxf2 Qh4+ 16. Ke3 Qg5+ 17. Kf2 Qg2+ 18. Ke3 Nf5+ 19. Ke4 Nc5+ 20. Kxe5 f6+
21. Kf4 g5#
0-1

[Event "nurmalso  C50e ital hungary defence"]
[Site "SchemingMind.com"]
[Date "2017.09.30"]
[Round "-"]
[White "frankly"]
[Black "Chessibelle"]
[Result "1-0"]
[WhiteCountry "ENG"]
[BlackCountry "ENG"]
[WhiteElo "2526"]
[WhiteRD "63"]
[BlackElo "1098"]
[BlackRD "60"]
[GameID "419103"]

1. e4 e5 2. Nf3 Nc6 3. Bc4 Be7 4. d4 h6 5. Nxe5 Kf8 6. Nxf7 Qe8 7. Nxh8 d6 8. Bf7 Qd8 9. Qh5 Bf6 10. Ng6+ Kxf7
11. Ne5+ Ke6 12. Qf7#
1-0

[Event "nurmalso  C50e ital hungary defence"]
[Site "SchemingMind.com"]
[Date "2017.10.04"]
[Round "-"]
[White "Chessibelle"]
[Black "DANDYLIONHONEYBADGER"]
[Result "0-1"]
[WhiteCountry "ENG"]
[BlackCountry "USA"]
[WhiteElo "1069"]
[WhiteRD "60"]
[BlackElo "1369"]
[BlackRD "77"]
[GameID "419104"]

1. e4 e5 2. Nf3 Nc6 3. Bc4 Be7 4. a3 Na5 5. Bd5 c6 6. Ba2 Nf6 7. d3 d6 8. O-O Be6 9. b4 Bxa2 10. Rxa2 b6
11. Nbd2 Nb7 12. c3 d5 13. Ng5 Nd7 14. Qf3 Bxg5 15. g3 Nf6 16. Qf5 h6 17. Qxe5+ Kf8 18. f4 Ng4 19. Bb2 Nxe5 20. h4 Nxd3
21. fxg5 hxg5 22. Nf3 Rh5 23. Nh2 gxh4 24. g4 Rg5 25. Bc1 Nxc1 26. Rxc1 dxe4 27. Re2 Qd3 28. Rcc2 Qd1+ 29. Kg2 f5 30. Rcd2 Qb3
31. Re1 Qxc3 32. Red1 e3 33. Rd3 Qc2+ 34. Kh3 Qf2 35. a4 Qg3#
0-1

[Event "nurmalso  C50e ital hungary defence"]
[Site "SchemingMind.com"]
[Date "2017.10.04"]
[Round "-"]
[White "DANDYLIONHONEYBADGER"]
[Black "Chessibelle"]
[Result "1-0"]
[WhiteCountry "USA"]
[BlackCountry "ENG"]
[WhiteElo "1369"]
[WhiteRD "77"]
[BlackElo "1069"]
[BlackRD "60"]
[GameID "419105"]

1. e4 e5 2. Nf3 Nc6 3. Bc4 Be7 4. Ng5 Bxg5 5. c3 h6 6. g3 Nge7 7. d3 d5 8. exd5 Nxd5 9. Bxg5 Qxg5 10. h4 Qd8
11. Qf3 Nf6 12. Nd2 Bg4 13. Qe3 O-O 14. f3 Bf5 15. Ne4 a6 16. Nxf6+ Qxf6 17. g4 Bg6 18. h5 Bh7 19. O-O-O b5 20. Bd5 Rad8
21. Be4 Qe6 22. Bxh7+ Kxh7 23. Kb1 f6 24. f4 Rde8 25. f5 Qd5 26. g5 fxg5 27. Rhf1 b4 28. c4 Qa5 29. Qe4 Nd4 30. f6+ Kg8
31. Qg6 Qc5 32. Qxg7#
1-0

[Event "nurmalso  C50e ital hungary defence"]
[Site "SchemingMind.com"]
[Date "2017.09.30"]
[Round "-"]
[White "Chessibelle"]
[Black "Wojtek26"]
[Result "0-1"]
[WhiteCountry "ENG"]
[BlackCountry "POL"]
[WhiteElo "1098"]
[WhiteRD "60"]
[BlackElo "1515"]
[BlackRD "52"]
[GameID "419106"]

1. e4 e5 2. Nf3 Nc6 3. Bc4 Be7 4. a3 Nf6 5. d3 O-O 6. O-O h6 7. Be3 d6 8. Nh4 a6 9. c3 b5 10. Bb3 Bb7
11. Qf3 Na5 12. Ba2 Nd7 13. g3 Bxh4 14. Qg4 Bg5 15. b4 Nc6 16. Nd2 Nf6 17. Qe2 Bc8 18. Rfe1 Bg4 19. f3 Bh3 20. g4 Qd7
21. c4 Nd4 22. Qd1 Bxe3+ 23. Rxe3 Nxg4 24. Re1 Nf6 25. Nb3 Nxb3 26. Bxb3 Ne8 27. Kf2 c6 28. Rg1 Nc7 29. a4 Ne6 30. f4 Nxf4
31. Qf3 Be6 32. Qg3 Ng6 33. Bd1 bxc4 34. Bh5 cxd3 35. Qxd3 Nf4 36. Qf3 Nh3+ 37. Ke2 Bc4+ 38. Ke3 Nxg1 39. Rxg1 Qe6 40. Qg3 Qf6
41. Bf3 a5 42. Kd2 axb4 43. Kc2 Rxa4 44. Qe1 Qxf3 45. Qd2 Ra2+ 46. Kc1 Rxd2
0-1

[Event "nurmalso  C50e ital hungary defence"]
[Site "SchemingMind.com"]
[Date "2017.09.30"]
[Round "-"]
[White "Wojtek26"]
[Black "Chessibelle"]
[Result "1-0"]
[WhiteCountry "POL"]
[BlackCountry "ENG"]
[WhiteElo "1515"]
[WhiteRD "52"]
[BlackElo "1098"]
[BlackRD "60"]
[GameID "419107"]

1. e4 e5 2. Nf3 Nc6 3. Bc4 Be7 4. O-O h6 5. Nc3 f6 6. a3 Bc5 7. b4 Bd6 8. Bb2 b6 9. Nb5 Nge7 10. Nxd6+ cxd6
11. d4 a6 12. Nh4 Bb7 13. Qh5+ Kf8 14. Qf7#
1-0

[Event "nurmalso  C50e ital hungary defence"]
[Site "SchemingMind.com"]
[Date "2017.10.05"]
[Round "-"]
[White "aliwood"]
[Black "Scooter"]
[Result "0-1"]
[WhiteCountry "ENG"]
[BlackCountry "USA"]
[WhiteElo "1242"]
[WhiteRD "59"]
[BlackElo "1688"]
[BlackRD "56"]
[GameID "419110"]

1. e4 e5 2. Nf3 Nc6 3. Bc4 Be7 4. d4 d6 5. dxe5 dxe5 6. Qxd8+ Bxd8 7. O-O Bg4 8. Nbd2 Nf6 9. b3 O-O 10. Bb2 Bxf3
11. Nxf3 Nxe4 12. Nxe5 Nxe5 13. Bxe5 Nd2 14. Rfe1 Nxc4 15. bxc4 Re8 16. f4 c6 17. h3 Bb6+ 18. Kh1 Rad8 19. Rab1 f6 20. Bc3 Rxe1+
21. Rxe1 Kf7 22. g4 Bd4 23. Bxd4 Rxd4
0-1

[Event "nurmalso  C50e ital hungary defence"]
[Site "SchemingMind.com"]
[Date "2017.10.05"]
[Round "-"]
[White "Scooter"]
[Black "aliwood"]
[Result "1-0"]
[WhiteCountry "USA"]
[BlackCountry "ENG"]
[WhiteElo "1688"]
[WhiteRD "56"]
[BlackElo "1242"]
[BlackRD "59"]
[GameID "419111"]

1. e4 e5 2. Nf3 Nc6 3. Bc4 Be7 4. O-O Nf6 5. d3 O-O 6. Bg5 a6 7. Nbd2 b5 8. Bb3 Nd4 9. Nxe5 Nxb3 10. Nxb3 Bb7
11. Ng4 Nxg4 12. Bxe7 Qxe7 13. Qxg4 Rab8 14. Nd4 Qc5 15. Nf5 g6 16. c3 d5 17. Nh6+ Kh8 18. Qd7 Rbd8 19. Nxf7+
1-0

[Event "nurmalso  C50e ital hungary defence"]
[Site "SchemingMind.com"]
[Date "2017.10.04"]
[Round "-"]
[White "aliwood"]
[Black "ray winteringham"]
[Result "1-0"]
[WhiteCountry "ENG"]
[BlackCountry "ENG"]
[WhiteElo "1301"]
[WhiteRD "55"]
[BlackElo "1443"]
[BlackRD "51"]
[GameID "419112"]

1. e4 e5 2. Nf3 Nc6 3. Bc4 Be7 4. d4 exd4 5. Nxd4 Nxd4 6. Qxd4 Nf6 7. Bg5 h6 8. Bh4 g5 9. Bg3 c5 10. Qe3 b6
11. O-O O-O 12. Nd2 Kg7 13. Rad1 d6 14. Be2 a5 15. f4 Nh7 16. fxg5 Bxg5 17. Qc3+ Bf6 18. Qf3 Bb7 19. Qg4+ Kh8 20. e5 Bxe5
21. Bxe5+ dxe5 22. Ne4 Bc8 23. Qf3 Qe7 24. Rf2 Ng5 25. Nxg5 Qxg5 26. g3 Be6 27. Rdf1 Bh3 28. Re1 Rae8 29. Bf1 Bg4 30. Qe3 f6
31. Bg2 f5 32. h3 f4 33. gxf4 exf4 34. Qc3+ Kh7 35. Rxe8 Rxe8 36. hxg4 Qh4 37. Qd3+ Kg7 38. Qd7+ Kg8 39. Bd5+ Kh8 40. Qxe8+ Kg7
41. Qf7+ Kh8 42. Qg8#
1-0

[Event "nurmalso  C50e ital hungary defence"]
[Site "SchemingMind.com"]
[Date "2017.10.04"]
[Round "-"]
[White "ray winteringham"]
[Black "aliwood"]
[Result "1-0"]
[WhiteCountry "ENG"]
[BlackCountry "ENG"]
[WhiteElo "1443"]
[WhiteRD "51"]
[BlackElo "1301"]
[BlackRD "55"]
[GameID "419113"]

1. e4 e5 2. Nf3 Nc6 3. Bc4 Be7 4. d4 d6 5. h3 Nf6 6. Nc3 O-O 7. d5 Nd4 8. Be3 a6 9. Bxd4 exd4 10. Nxd4 Bd7
11. f3 b5 12. Bd3 Qb8 13. Nce2 Qb6 14. e5 dxe5 15. Nb3 Nxd5 16. Be4 Bc6 17. Bxd5 Bxd5 18. Qxd5 Bd6 19. Rf1 a5 20. Nd2 Rad8
21. Qe4 Bb4 22. c3 Bc5 23. O-O-O f6 24. Qc2 a4 25. a3 Be3 26. Kb1 Qe6 27. Ne4 Rxd1+ 28. Rxd1 b4 29. cxb4 c6 30. Rd6 Qb3
31. Rxc6 Qxc2+ 32. Kxc2 g5 33. Nxf6+ Kg7 34. Nh5+ Kg8 35. b5 g4 36. Nf6+ Kf7 37. Nxg4 Bg5 38. Nxe5+ Ke7 39. Nc3 Rd8 40. Rc7+ Kd6
41. b6 Kxe5 42. Rc5+ Kf6 43. Nd5+ Ke6 44. Nc7+ Kd6 45. Rxg5
1-0

[Event "nurmalso  C50e ital hungary defence"]
[Site "SchemingMind.com"]
[Date "2017.10.05"]
[Round "-"]
[White "aliwood"]
[Black "Pol MacGilla tSamhais"]
[Result "1-0"]
[WhiteCountry "ENG"]
[BlackCountry "IRL"]
[WhiteElo "1325"]
[WhiteRD "61"]
[BlackElo "1101"]
[BlackRD "104"]
[GameID "419114"]

1. e4 e5 2. Nf3 Nc6 3. Bc4 Be7 4. O-O d5 5. Bxd5 Be6 6. Bxe6 fxe6 7. c3 Nf6 8. d4 exd4 9. cxd4 Nxe4 10. Nbd2 Nxd2
11. Bxd2 O-O 12. Bc3 Qe8 13. Qc2 Rd8 14. Rad1 b6 15. a3 Qg6 16. Qxg6 hxg6 17. Rfe1 Bd6 18. Rxe6 Kf7 19. Ng5+ Kg8 20. Rxg6 Ne7
21. Re6 Rf5 22. Ne4 Bf4 23. Rxe7 Bd6 24. Nxd6 Rxd6 25. Rxc7 Rdf6 26. d5 Rxf2 27. Bxf6
1-0

[Event "nurmalso  C50e ital hungary defence"]
[Site "SchemingMind.com"]
[Date "2017.10.05"]
[Round "-"]
[White "Pol MacGilla tSamhais"]
[Black "aliwood"]
[Result "0-1"]
[WhiteCountry "IRL"]
[BlackCountry "ENG"]
[WhiteElo "1093"]
[WhiteRD "105"]
[BlackElo "1342"]
[BlackRD "64"]
[GameID "419115"]

1. e4 e5 2. Nf3 Nc6 3. Bc4 Be7 4. d4 d6 5. d5 Nd4 6. Nxd4 exd4 7. Qxd4 Bf6 8. Qe3 Ne7 9. O-O O-O 10. Nc3 Ng6
11. f3 c6 12. dxc6 bxc6 13. Bd2 Bb7 14. f4 d5 15. exd5 cxd5 16. f5 dxc4 17. fxg6 fxg6 18. Qe6+ Kh8 19. Rad1 Qe7 20. Qxc4 Rac8
21. Qa4 Bc6 22. Qc4 Bxg2 23. Kxg2 Rxc4
0-1

[Event "nurmalso  C50e ital hungary defence"]
[Site "SchemingMind.com"]
[Date "2017.10.04"]
[Round "-"]
[White "aliwood"]
[Black "Chessibelle"]
[Result "1-0"]
[WhiteCountry "ENG"]
[BlackCountry "ENG"]
[WhiteElo "1253"]
[WhiteRD "61"]
[BlackElo "1098"]
[BlackRD "60"]
[GameID "419116"]

1. e4 e5 2. Nf3 Nc6 3. Bc4 Be7 4. d4 Bf6 5. O-O g6 6. Be3 Bg7 7. c3 Nge7 8. Nxe5 O-O 9. Nxc6 Nxc6 10. d5 Ne5
11. Bb3 Qe7 12. Bd4 d6 13. Nd2 Bg4 14. f3 Bd7 15. Nc4 c6 16. f4 Bg4 17. Qc2 f6 18. Nxe5 fxe5 19. fxe5 dxe5 20. dxc6+ Kh8
21. Rxf8+ Bxf8 22. Be3 bxc6 23. Rf1 h6 24. h3 Bd7 25. Qf2 Qg7 26. Bc5 g5 27. Bxf8 Qg6 28. Qf6+ Kh7 29. Qe7+ Kh8 30. Qxd7 Re8
31. Bf7
1-0

[Event "nurmalso  C50e ital hungary defence"]
[Site "SchemingMind.com"]
[Date "2017.10.04"]
[Round "-"]
[White "Chessibelle"]
[Black "aliwood"]
[Result "0-1"]
[WhiteCountry "ENG"]
[BlackCountry "ENG"]
[WhiteElo "1098"]
[WhiteRD "60"]
[BlackElo "1253"]
[BlackRD "61"]
[GameID "419117"]

1. e4 e5 2. Nf3 Nc6 3. Bc4 Be7 4. a3 d6 5. d3 Nf6 6. O-O O-O 7. c3 Be6 8. b4 Bxc4 9. dxc4 b6 10. Ng5 Nb8
11. Be3 c5 12. Nd2 Nbd7 13. Ndf3 Qc7 14. Nh4 Bd8 15. h3 a5 16. Qc2 a4 17. g3 Qb7 18. Nf5 Bc7 19. Rad1 h6 20. Nf3 Nxe4
21. Ne7+ Kh8 22. Nd5 Bd8 23. Qxe4 Nf6 24. g4 Nxe4 25. Nh4 Bxh4 26. f4 b5 27. Bc1 bxc4 28. Rf3 Nf6 29. fxe5 Nxd5 30. Rf5 Nxc3
31. Rd2 cxb4 32. Rxd6 Ne2+ 33. Kf1 Nxc1 34. Rd1 Qh1#
0-1

[Event "nurmalso  C50e ital hungary defence"]
[Site "SchemingMind.com"]
[Date "2017.10.05"]
[Round "-"]
[White "aliwood"]
[Black "frankly"]
[Result "0-1"]
[WhiteCountry "ENG"]
[BlackCountry "ENG"]
[WhiteElo "1301"]
[WhiteRD "55"]
[BlackElo "2625"]
[BlackRD "62"]
[GameID "419118"]

1. e4 e5 2. Nf3 Nc6 3. Bc4 Be7 4. d4 exd4 5. Nxd4 d6 6. O-O Nf6 7. Nxc6 bxc6 8. Nc3 O-O 9. Bg5 Nxe4 10. Bxe7 Qxe7
11. Nxe4 Qxe4 12. Bd3 Qb4 13. b3 Re8 14. h3 Bd7 15. a3 Qc3 16. a4 Re7 17. Rc1 g6 18. Qf3 Rae8 19. Kh2 Kg7 20. g3 Qb4
21. Rg1 a5 22. Rcf1 Re5 23. h4 Rh5 24. Qg2 Rxh4+ 25. Qh3 Bxh3 26. Rd1 Bf1+ 27. gxh4 Qxh4#
0-1

[Event "nurmalso  C50e ital hungary defence"]
[Site "SchemingMind.com"]
[Date "2017.10.05"]
[Round "-"]
[White "frankly"]
[Black "aliwood"]
[Result "1-0"]
[WhiteCountry "ENG"]
[BlackCountry "ENG"]
[WhiteElo "2610"]
[WhiteRD "61"]
[BlackElo "1242"]
[BlackRD "59"]
[GameID "419119"]

1. e4 e5 2. Nf3 Nc6 3. Bc4 Be7 4. d4 d6 5. d5 Nd4 6. Nxd4 exd4 7. Qxd4 Nf6 8. Bb5+ Bd7 9. Bxd7+ Qxd7 10. f3 O-O
11. O-O c5 12. Qd3 b5 13. a4 a6 14. b3 Bd8 15. axb5 axb5 16. Rxa8 Bb6 17. Rxf8+ Kxf8 18. c4 b4 19. Bb2 Bd8 20. e5 dxe5
21. Bxe5
1-0

[Event "nurmalso  C50e ital hungary defence"]
[Site "SchemingMind.com"]
[Date "2017.10.05"]
[Round "-"]
[White "aliwood"]
[Black "DANDYLIONHONEYBADGER"]
[Result "0-1"]
[WhiteCountry "ENG"]
[BlackCountry "USA"]
[WhiteElo "1342"]
[WhiteRD "64"]
[BlackElo "1350"]
[BlackRD "80"]
[GameID "419120"]

1. e4 e5 2. Nf3 Nc6 3. Bc4 Be7 4. d4 Bf6 5. d5 Na5 6. Be2 d6 7. Bd2 b6 8. O-O Bd7 9. b3 c6 10. c4 cxd5
11. Bc3 a6 12. cxd5 Bb5 13. Bxb5+ axb5 14. Nbd2 g5 15. h3 Nh6 16. Qe2 g4 17. hxg4 Nxg4 18. Rac1 h5 19. b4 Nb7 20. Rc2 Bh4
21. Nxh4 Qxh4 22. Nf3 Qf6 23. Bb2 h4 24. Qxb5+ Kf8 25. Qxb6 Rb8 26. Ba3 h3 27. g3 h2+ 28. Nxh2 Nxh2 29. Rfc1 Nf3+ 30. Kf1 Rh1+
0-1

[Event "nurmalso  C50e ital hungary defence"]
[Site "SchemingMind.com"]
[Date "2017.10.05"]
[Round "-"]
[White "DANDYLIONHONEYBADGER"]
[Black "aliwood"]
[Result "0-1"]
[WhiteCountry "USA"]
[BlackCountry "ENG"]
[WhiteElo "1350"]
[WhiteRD "80"]
[BlackElo "1342"]
[BlackRD "64"]
[GameID "419121"]

1. e4 e5 2. Nf3 Nc6 3. Bc4 Be7 4. d3 Nf6 5. Ng5 O-O 6. h4 a6 7. h5 h6 8. Nf3 b5 9. Bb3 Nd4 10. Nxd4 exd4
11. Nd2 d6 12. Nf3 Bb7 13. Nxd4 Qd7 14. Nf5 d5 15. Nxe7+ Qxe7 16. f3 dxe4 17. O-O Qc5+ 18. d4 Qxh5 19. g4 Qh3 20. Bf4 exf3
21. Rf2 Nxg4 22. Rd2 f2+ 23. Rxf2 Qh1#
0-1

[Event "nurmalso  C50e ital hungary defence"]
[Site "SchemingMind.com"]
[Date "2017.10.05"]
[Round "-"]
[White "aliwood"]
[Black "Wojtek26"]
[Result "0-1"]
[WhiteCountry "ENG"]
[BlackCountry "POL"]
[WhiteElo "1301"]
[WhiteRD "55"]
[BlackElo "1506"]
[BlackRD "54"]
[GameID "419122"]

1. e4 e5 2. Nf3 Nc6 3. Bc4 Be7 4. O-O Nf6 5. d3 O-O 6. c3 d6 7. Re1 h6 8. Bb3 Na5 9. Bc2 Be6 10. b4 Nc6
11. Bb3 Bxb3 12. axb3 a6 13. Ba3 b5 14. Qc2 Nb8 15. c4 bxc4 16. bxc4 Nbd7 17. Nc3 Qb8 18. Nd5 Nxd5 19. cxd5 Nf6 20. h3 Qa7
21. Bc1 Rab8 22. Be3 Qb7 23. Reb1 Qc8 24. Rb3 Nh5 25. d4 exd4 26. Bxd4 Nf4 27. Rc1 Qe8 28. Qd2 g5 29. g3 Nxh3+ 30. Kf1 f5
31. exf5 Rxf5 32. Bb2 g4 33. Nd4 Rxf2+ 34. Qxf2 Nxf2 35. Kxf2 Qf7+ 36. Kg2 Qxd5+
0-1

[Event "nurmalso  C50e ital hungary defence"]
[Site "SchemingMind.com"]
[Date "2017.10.05"]
[Round "-"]
[White "Wojtek26"]
[Black "aliwood"]
[Result "1-0"]
[WhiteCountry "POL"]
[BlackCountry "ENG"]
[WhiteElo "1501"]
[WhiteRD "54"]
[BlackElo "1242"]
[BlackRD "59"]
[GameID "419123"]

1. e4 e5 2. Nf3 Nc6 3. Bc4 Be7 4. O-O d6 5. Nc3 Nf6 6. d3 O-O 7. a3 a6 8. h3 h6 9. b4 b5 10. Bb3 Nd4
11. Nxd4 exd4 12. Ne2 Bb7 13. Nxd4 Rb8 14. Bd5 Bxd5 15. exd5 Qc8 16. Qf3 Rb7 17. Nc6 Re8 18. Re1 Qd7 19. Qg3 Nxd5 20. Nxe7+ Nxe7
21. Bxh6 Ng6 22. Bd2 Rbb8 23. Bc3 f6 24. Qxg6 Re6 25. Rxe6 Qxe6 26. Re1 Qd7 27. Bxf6
1-0

[Event "nurmalso  C50e ital hungary defence"]
[Site "SchemingMind.com"]
[Date "2017.10.09"]
[Round "-"]
[White "aliwood"]
[Black "echecs"]
[Result "0-1"]
[WhiteCountry "ENG"]
[BlackCountry "ENG"]
[WhiteElo "1301"]
[WhiteRD "55"]
[BlackElo "1785"]
[BlackRD "67"]
[GameID "419225"]

1. e4 e5 2. Nf3 Nc6 3. Bc4 Be7 4. d4 exd4 5. Nxd4 Ne5 6. Bb3 d6 7. h3 Nf6 8. Nc3 O-O 9. O-O a6 10. Bg5 h6
11. Bf4 Ng6 12. Bg3 Bd7 13. Re1 Qc8 14. Nf5 Bxf5 15. exf5 Qxf5 16. Bc4 Rfe8 17. Bd3 Qg5 18. Ne4 Nxe4 19. Bxe4 Rab8 20. Rb1 Bf6
21. Bxg6 Qxg6 22. Rxe8+ Rxe8 23. b3 Be5 24. Bxe5 Rxe5 25. c4 Rg5 26. g3 Rh5 27. h4 Rxh4 28. Kf1 Rh1+
0-1

[Event "nurmalso  C50e ital hungary defence"]
[Site "SchemingMind.com"]
[Date "2017.10.09"]
[Round "-"]
[White "echecs"]
[Black "aliwood"]
[Result "1-0"]
[WhiteCountry "ENG"]
[BlackCountry "ENG"]
[WhiteElo "1840"]
[WhiteRD "71"]
[BlackElo "1242"]
[BlackRD "59"]
[GameID "419226"]

1. e4 e5 2. Nf3 Nc6 3. Bc4 Be7 4. d4 exd4 5. Nxd4 Nxd4 6. Qxd4 Nf6 7. e5 c5 8. Qf4 O-O 9. exf6 Bxf6 10. O-O d5
11. Be2 Be6 12. c3 Rc8 13. Na3 a6 14. Rd1 c4 15. Nxc4 Bg5 16. Qxg5 Qxg5 17. Bxg5 dxc4 18. Bf3 b5 19. Bb7 Rc5 20. Be7
1-0

[Event "nurmalso  C50e ital hungary defence"]
[Site "SchemingMind.com"]
[Date "2017.10.07"]
[Round "-"]
[White "Scooter"]
[Black "echecs"]
[Result "0-1"]
[WhiteCountry "USA"]
[BlackCountry "ENG"]
[WhiteElo "1667"]
[WhiteRD "56"]
[BlackElo "1816"]
[BlackRD "68"]
[GameID "419228"]

1. e4 e5 2. Nf3 Nc6 3. Bc4 Be7 4. O-O Nf6 5. Nc3 O-O 6. d3 d6 7. Bg5 Bg4 8. h3 Bh5 9. Bxf6 Bxf6 10. Nd5 Nd4
11. Nxf6+ Qxf6 12. c3 Nxf3+
0-1

[Event "nurmalso  C50e ital hungary defence"]
[Site "SchemingMind.com"]
[Date "2017.10.07"]
[Round "-"]
[White "ray winteringham"]
[Black "echecs"]
[Result "0-1"]
[WhiteCountry "ENG"]
[BlackCountry "ENG"]
[WhiteElo "1535"]
[WhiteRD "53"]
[BlackElo "1816"]
[BlackRD "68"]
[GameID "419230"]

1. e4 e5 2. Nf3 Nc6 3. Bc4 Be7 4. h3 Nf6 5. d3 O-O 6. O-O d6 7. Be3 Bd7 8. Nc3 Qc8 9. Ne2 Na5 10. Nd2 Nxc4
11. Nxc4 Bxh3 12. gxh3 Qxh3 13. Ng3 Ng4 14. Qxg4 Qxg4
0-1

[Event "nurmalso  C50e ital hungary defence"]
[Site "SchemingMind.com"]
[Date "2017.10.07"]
[Round "-"]
[White "Pol MacGilla tSamhais"]
[Black "echecs"]
[Result "0-1"]
[WhiteCountry "IRL"]
[BlackCountry "ENG"]
[WhiteElo "1095"]
[WhiteRD "100"]
[BlackElo "1785"]
[BlackRD "67"]
[GameID "419232"]

1. e4 e5 2. Nf3 Nc6 3. Bc4 Be7 4. d4 exd4 5. c3 d6 6. cxd4 Nf6 7. Nbd2 Bg4 8. h3 Bh5 9. g4 Bg6 10. Nh4 Bxe4
11. Nxe4 Nxe4 12. f3 Bxh4+ 13. Kf1 Ng3+ 14. Kg2 Nxh1 15. Kxh1 O-O 16. d5 Ne5 17. Bb3 Qf6 18. Bd2 Nxf3 19. Bc3 Qf4
0-1

[Event "nurmalso  C50e ital hungary defence"]
[Site "SchemingMind.com"]
[Date "2017.10.04"]
[Round "-"]
[White "echecs"]
[Black "Chessibelle"]
[Result "1-0"]
[WhiteCountry "ENG"]
[BlackCountry "ENG"]
[WhiteElo "1816"]
[WhiteRD "68"]
[BlackElo "1098"]
[BlackRD "60"]
[GameID "419233"]

1. e4 e5 2. Nf3 Nc6 3. Bc4 Be7 4. d4 Bf6 5. d5 Nce7 6. Bg5 b6 7. Nc3 d6 8. O-O h6 9. Bd2 Ng6 10. h3 N8e7
11. a4 Qd7 12. Nh2 O-O 13. Ng4 Bh4 14. Be2 c6 15. g3 Bg5 16. Bf3 h5 17. Bxg5 Qc7 18. Nh6+ Kh8 19. Nxf7+ Kg8 20. Nh6+ gxh6
21. Bxh6 Rf7 22. Bxh5 Bxh3 23. Re1 Rh7 24. Bg5 Rf8 25. g4 Rhf7 26. Kh2 Rxf2+ 27. Kxh3 Nf4+ 28. Bxf4 R8xf4 29. dxc6 Qxc6 30. Rg1 Qc8
31. Qxd6 Qf8 32. Qe6+ Kg7 33. Qxe5+ Rf6 34. g5 Qh8 35. gxf6+ Kf8 36. Qxe7#
1-0

[Event "nurmalso  C50e ital hungary defence"]
[Site "SchemingMind.com"]
[Date "2017.10.07"]
[Round "-"]
[White "Chessibelle"]
[Black "echecs"]
[Result "0-1"]
[WhiteCountry "ENG"]
[BlackCountry "ENG"]
[WhiteElo "1098"]
[WhiteRD "60"]
[BlackElo "1816"]
[BlackRD "68"]
[GameID "419234"]

1. e4 e5 2. Nf3 Nc6 3. Bc4 Be7 4. O-O Nf6 5. a3 d6 6. d3 O-O 7. Nbd2 Bg4 8. c3 a6 9. Qe2 Nh5 10. Qe3 Nf4
11. b4 Na7 12. d4 Bg5 13. g3 Nh3+ 14. Kh1 Bxe3 15. fxe3 Qe7 16. Ng1 Qg5 17. Ndf3 Qh5 18. Nh4 Nxg1 19. Rxg1 Bf3+ 20. Ng2 Bxe4
21. Bd2 b5 22. Bb3 Qe2 23. Rad1 exd4 24. cxd4 d5 25. h4 Qd3 26. Ba2 Qxa3 27. Bb1 Bxb1 28. Rxb1 Nc6 29. g4 Nxd4 30. exd4 Qh3#
0-1

[Event "nurmalso  C50e ital hungary defence"]
[Site "SchemingMind.com"]
[Date "2017.10.04"]
[Round "-"]
[White "echecs"]
[Black "frankly"]
[Result "0-1"]
[WhiteCountry "ENG"]
[BlackCountry "ENG"]
[WhiteElo "1816"]
[WhiteRD "68"]
[BlackElo "2526"]
[BlackRD "63"]
[GameID "419235"]

1. e4 e5 2. Nf3 Nc6 3. Bc4 Be7 4. d4 d6 5. dxe5 dxe5 6. O-O Bg4 7. Qxd8+ Rxd8 8. Nbd2 Nf6 9. h3 Bxf3 10. gxf3 O-O
11. Nb3 Nh5 12. c3 Rd6 13. Kh2 b6 14. Be3 Rfd8 15. Rg1 Nf4 16. Rg4 h6 17. Bxf4 exf4 18. Rxf4 Ne5 19. Be2 Bg5 20. Rf5 g6
21. Rxg5 hxg5 22. Nd4 c5 23. Nb3 a5 24. a4 Nd3 25. Rb1 Nxf2 26. Kg3 Nd3 27. Kg4 f6 28. h4 gxh4 29. Kxh4 Nf4 30. Bc4+ Kg7
31. Re1 Ng2+
0-1